| 000 | 00741nam a2200205 a 4500 | ||
|---|---|---|---|
| 001 | 000036883 | ||
| 005 | 20200930080009.0 | ||
| 008 | 120203s1996 ag a 000 0 spa d | ||
| 040 |
_aDO-SdBNP _bspa _cBNPHU |
||
| 041 | 1 | 7 |
_aspa _heng |
| 100 | 1 |
_aSandweiss, Samuel H. _963260 |
|
| 245 | 1 | 0 |
_aSai Baba y el psiquiatra / _cSamuel H. Sandweiss ;traducción María Martínez de Velázquez. |
| 260 |
_aBuenos Aires : _bErrepar, _c1996. |
||
| 300 |
_a312 p. : _bil. ; _c23 cm. |
||
| 534 |
_pTít. original: _tSai Baba, the holy man ... and the psychiatrist |
||
| 600 | 1 | 4 |
_aSATHYA SAI BABA, _d1926-2011 _963261 |
| 650 | 2 | 4 |
_aPsicología de la religión _934405 |
| 650 | 2 | 4 |
_aJudaísmo _924148 |
| 700 | 1 |
_aMartínez de Velázquez, María, _etrad. _963262 |
|
| 999 |
_c36374 _d36374 |
||